Evaluation of planning delivery grant 2004-2005 (Record no. 104651)
[ view plain ]
| 000 -LEADER | |
|---|---|
| fixed length control field | 01546cam a2200217 4500 |
| 001 - CONTROL NUMBER | |
| control field | ##L131155 |
| 008 - FIXED-LENGTH DATA ELEMENTS--GENERAL INFORMATION | |
| fixed length control field | 051004n2005 000 0 eng u |
| 035 ## - SYSTEM CONTROL NUMBER | |
| System control number | (Sirsi) u131155 |
| 041 0# - LANGUAGE CODE | |
| Language code of text/sound track or separate title | eng |
| 050 04 - LIBRARY OF CONGRESS CALL NUMBER | |
| Classification number | 711.1 $2 18 |
| 110 1# - MAIN ENTRY--CORPORATE NAME | |
| Corporate name or jurisdiction name as entry element | United Kingdom |
| Subordinate unit | Office of the Deputy Prime Minister |
| 245 00 - TITLE STATEMENT | |
| Title | Evaluation of planning delivery grant 2004-2005 |
| 260 ## - PUBLICATION, DISTRIBUTION, ETC. | |
| Place of publication, distribution, etc. | London |
| Name of publisher, distributor, etc. | ODPM |
| Date of publication, distribution, etc. | 2005 |
| 520 ## - SUMMARY, ETC. | |
| Summary, etc. | This report summarises the most recent results of an on going evidence based evaluation of Planning Delivery Grant (PDG), a performance-based grant regime for local planning authorities. PDG works by providing an incentive to improve performance by authorities seeking to secure the grant and by providing additional resources. The scale of PDG awards is significant adding more then 20% to base budgets in the highest cases. The evaluation seeks to identify how PDG is spent, its impact on the quality of the planning service; the planning function response to the grant; the corporate level response to PDG and the expected outcomes derived from the PDG allocation. It should be read alongside research findings evaluating the planning standards authorities for 2004/05. |
| 590 ## - LOCAL NOTE (RLIN) | |
| Local note | IKA111005 |
| 690 ## - LOCAL SUBJECT ADDED ENTRY--TOPICAL TERM (OCLC, RLIN) | |
| Topical term or geographic name as entry element | ENVIRONMENTAL AND LAND CONSULTANCY-PLANNING AND DEVELOPMENT |
| 710 1# - ADDED ENTRY--CORPORATE NAME | |
| Corporate name or jurisdiction name as entry element | Addison Associates |
| 9 (RLIN) | 4628 |
| 710 1# - ADDED ENTRY--CORPORATE NAME | |
| Corporate name or jurisdiction name as entry element | Arup |
| 9 (RLIN) | 4773 |
| 856 40 - ELECTRONIC LOCATION AND ACCESS | |
| Uniform Resource Identifier | <a href="https://www.communities.gov.uk/documents/planningandbuilding/pdf/148595.pdf">https://www.communities.gov.uk/documents/planningandbuilding/pdf/148595.pdf</a> |
| Public note | View the PDF and planning standard authorities' evaluations free of charge at www.dclg.gov.uk... |
| 942 ## - ADDED ENTRY ELEMENTS (KOHA) | |
| Suppress in OPAC | 0 |
| Withdrawn status | Lost status | Source of classification or shelving scheme | Damaged status | Not for loan | Home library | Current library | Shelving location | Date acquired | Total Checkouts | Full call number | Barcode | Date last seen | Copy number | Price effective from | Koha item type |
|---|---|---|---|---|---|---|---|---|---|---|---|---|---|---|---|
| Dewey Decimal Classification | Virtual | Virtual | Online | 04/10/2005 | ONLINE PUBLICATION | 131155-2001 | 06/08/2019 | 1 | 06/08/2019 | Book |